❔Qui sont ces 20 "découvreuses" ? (clic quiz) - Statistiques

Statistiques générales
  • Ce quiz a été pris 18 fois
  • Le résultat moyen est 7 sur 20
Statistiques - réponses
Hint Extra Hint Explanation Réponse % Correct
Découvre le polonium et radium 1867-1934 (Pologne/France) Prix Nobel de physique 1903 - Prix Nobel de chimie 1911 Marie Curie
94%
Découverte de la radioactivité artificielle
1897- 1956
(France)
Prix Nobel de chimie 1935. Femme engagée, féministe militante, sera secrétaire d'Etat à une époque où les femmes n'ont pas encore le droit de vote Irène Joliot-Curie
65%
Mathématicienne et physicienne
1706 - 1749
(France)
Traduit Newton ce qui lui vaut une notoriété immédiate. Démontre les théories de Leibniz sur l'énergie cinétique. Publie de nombreuses œuvres Émilie du Châtelet
59%
Chimiste
1967 -
(Chine)
Prix l'Oréal-Unesco pour les femmes et la science 2015. Travaille sur l'infiniment petit. Se consacre également à la lutte contre la pollution. En 2013, élue membre de la Royal Society of Chemistry, membre de l'Académie chinoise des sciences. En 2014, prix scientifique TWAS, Académie des sciences du tiers monde Xie Yi
53%
Découvre le VIH
1947 -
(France)
Prix Nobel de médecine 2008 Françoise Barré-Sinoussi
47%
Pionnière dans les méthodes de transmission
1914 - 2000
(Hongrie/USA)
Trophée des Pionniers de l'Electronic Frontier Foundation 1997. Ses découvertes sont à l'origine du WIFI, bluetooth, GPS, etc Hedy Lamarr
47%
Première femme à remporter le Grand prix des sciences mathématiques de l'académie des sciences
1776 - 1831
(France)
Apprend d'abord les mathématiques dans les livres, puis, suit les cous de l'Ecole polytechnique, se faisant passer pour un garçon. Rédige 3 mémoires. N'est jamais acceptée à égalité avec les hommes. Meurt avant de recevoir le titre de docteure honoris causa par l'université de Göttingen Sophie Germain
47%
Inventrice de la programmation informatique
1815 - 1852
(Angleterre)
Ada Lovelace
41%
Pionnière de la biologie moléculaire et de la recherche sur l'ADN
1920 - 1958
(Angleterre)
Lauréate du prix Louisa-Gross-Horwitz à titre posthume en 2008 Rosalind Franklin
41%
Découvre le chromosome supplémentaire de la trisomie
1925 -
(France)
D'abord chercheuse en cardiopathie, elle excelle dans la culture cellulaire qu'elle met au point avec très peu de moyens, beaucoup d'inventivité et de techniques personnelles. Un homme va s'approprier ses découvertes sur la trisomie [effet Mathilda, très "classique" en sciences, et autres domaines] Marthe Gautier
29%
Première femme à remporter la médaille Field (en 2014)
1977 - 2017
(Iran/USA)
Maryam Mirzakhani
29%
Révolutionne les mathématiques et l'algèbre en particulier
1882 - 1935
(Allemagne)
Étudie puis enseigne les mathématiques, sans statut ni rémunération car femme. Influence les mathématiciens de son époque Emmy Noether
24%
Un des cerveaux des calculs mathématiques à la NASA
1918 -
(USA)
Calcule notamment la trajectoire de la mission Apollo 11 vers la Lune. Médaille présidentielle de la Liberté Katherine Coleman Goble Johnson
24%
Première manager noire de la NASA
1910 - 2008
(USA)
Médaille d'or du Congrès Dorothy Vaughan
18%
Mathématicienne
1932 -
(Niger)
Première femme nigériane a obtenir un doctorat en mathématiques et la première femme a prendre la direction de l'université du Bénin. Enseigne. Engagement féministe important. Distinguée de l'Ordre du Niger Grace Alele - Williams
18%
Découvre le kevlar
1923 - 2014
(USA)
Nombreuses récompenses. Inscrite au National Women's Hall of Fame Stephanie Kwoloek
18%
Inventrice d'un langage informatique : le Cobol
1906 - 1992
(USA)
Médaille présidentielle de la Liberté Grace Murray Hopper
12%
Découvre les pulsars en 1967
1943 -
(Royaume-Uni)
Breakthrough prize 2018. Des hommes obtiennent le Nobel de physique en 1974 pour ses découvertes Jocelyn Bell Burnell
12%
Astronaute
1956 -
(USA)
Trophée des Pionniers de l'Espace Buzz Aldrin 2017. Est aussi diplômée de Standford, docteure en médecine, à 21 ans Mae Jamison
12%
Pionnière dans le domaine des lasers
1959 -
(Canada)
Prix Nobel de physique 2018 Donna Theo Strickland
6%
Aucun quiz correspondant
Distribution des résultats
% des personnes avec chaque résultat
Percentile par nombre de réponses
Votre historique - résultats
Vous n’avez pas pris ce quiz